000 00661nam a2200229Ia 4500
005 20250507130343.0
008 008 250505s9999 xx 000 0 chi d
020 _a9789867630131
037 _aAnnuals, Advances
040 _aEASL
_beng
_cEASL
041 _achi
_2eng
084 _aN4295, 41P3
_qEASL
100 _aShi Ya Tang Ed.
245 0 _aTaiwan de Yi Chen
260 _aChina
_bTaipei Yuan Zu Wen Hua Shi Ye Gu fen You Xian Gongsi Taiwan
_c2003
300 _a191p.
365 _b400yuan
650 _aCL
_9642733
700 _aYang Hui Min Ed.
_9665210
942 _cTEXL
_hN4295, 41P3
999 _c1319187
_d1319187